000 00303nam a22001337a 4500
008 170331b xxu||||| |||| 00| 0 eng d
020 _a9780671620998
041 _aeng
080 _a616-053.2
100 _a8
101 _aSHM
245 _aSOLVE TOUR CHILD SLEEP PROBLENS
_cFERBER.R
942 _2udc
_cBK
999 _c9211
_d9211